000 00248 a2200109 4500
001 32340
090 _c21719
_d21719
100 _aPaz,Mario
245 _astructural dynamics theory and computation, 3/e
250 _a3
260 _aN.Y
_bChapman & Hall
_c1991
942 _aNUST-CAE
999 _c267413
_d267413